000 01226nam a22002177a 4500
005 20130830125635.0
010 _aENG-107820
020 _a9788132110903
_c850.00
035 _aEN-91353
037 _bDBAD/PUB
082 _a332.0954
100 _aPuhazhendhi, Venugopalan
245 _aMicrofinance India :
_cby Venugopalan Puhazhendhi
_bstate of the sector report 2012 /
260 _aNew Delhi
_bSage Publications
_c2013
270 _aB1/1-1 Mohan Cooperative Industrial Area, Mathura Road
_bNew Delhi
_e110044
300 _axviii,184p. :
_c29cm(pbk)
_bill.
500 _a Includes bibliographical references (pages [175]-177) and index.
505 _a Foreword / by Vipin Sharma -- Preface -- Overview -- SHG Bank linkage programme/revisit in progress -- Microfinance institutions/steady recovery -- Financial inclusion/process and progress -- Microfinance/beyond credit -- Policy environment and regulation/sign of reign -- National rural livelihoods mission -- Investment climate/faltering, but hope remains -- Global trend in microfinance -- Future- forward looking -- Appendix -- Bibliography -- Index -- About the author.
650 _aMicrofinance
_zIndia.
942 _2ddc
_cEN
_mPUH
_h332.0954
999 _c77195
_d77195